000 00963nam a22001577a 4500
999 _c61000
_d61000
005 20231205131553.0
008 231205s1986 ru ||||| |||| 00| 0 rus d
080 _a81'374.822=124=161.1 Д-24
100 _aДворецкий, И. Х.
_920587
245 _aЛатинско-русский словарь /
_c И. Х. Дворецкий.
264 _aМосква :
_bРусский язык,
_c1986.
300 _a850 с.;
_b27 см.
653 _aლათინური-რუსული ლექსიკონი
856 _uhttps://tdseminaria.ru/images/zfo/5%20%D0%BA%D1%83%D1%80%D1%81/%D0%9B%D0%B0%D1%82%D0%B8%D0%BD%D1%81%D0%BA%D0%B8%D0%B9%20%D1%8F%D0%B7%D1%8B%D0%BA/%D0%9B%D0%B0%D1%82%D0%B8%D0%BD%D1%81%D0%BA%D0%BE-%D1%80%D1%83%D1%81%D1%81%D0%BA%D0%B8%D0%B9%20%D1%81%D0%BB%D0%BE%D0%B2%D0%B0%D1%80%D1%8C%20%D0%98.%D0%A5.%D0%94%D0%B2%D0%BE%D1%80%D0%B5%D1%86%D0%BA%D0%BE%D0%B3%D0%BE.pdf
_yელ. ვერსია pdf
942 _2udc
_cᲬᲘᲒᲜᲘ